MLB Championship Starters - Statistics

General Stats
  • This quiz has been taken 52 times
    10 since last reset
  • The average score is 139 of 315
Answer Stats
Hint Answer % Correct
Corey Seager SS
100%
Freddie Freeman 1B
100%
Max Muncy 1B | 3B
100%
Mookie Betts CF | RF | SS
100%
Will Smith C | DH
100%
Alex Bregman 3B
88%
Enrique Hernández CF | LF
88%
2022 - Astros Jose Altuve 2B
88%
Justin Turner 3B
88%
Miguel Rojas 2B
88%
Teoscar Hernández LF | RF
88%
2019 - Nationals Trea Turner SS
88%
Albert Pujols 1B
75%
Alex Rodriguez 3B
75%
Chris Taylor 2B
75%
Cody Bellinger CF
75%
1996 - Yankees | 2009 - Yankees Derek Jeter SS
75%
Freddy Garcia P
75%
2017 - Astros George Springer CF
75%
Ivan Rodriguez C
75%
Jeremy Pena SS
75%
2023 - Rangers Marcus Semien 2B
75%
Ryan Zimmerman 1B
75%
2024 - Dodgers | 2025 - Dodgers Shohei Ohtani DH
75%
Tommy Edman CF | SS
75%
Bengie Molina C
63%
Bernie Williams CF
63%
Buster Posey C
63%
Dansby Swanson SS
63%
David Freese 3B
63%
David Ortiz 1B | DH
63%
Dustin Pedroia 2B
63%
Gavin Lux 2B
63%
Hideki Matsui DH
63%
J.D. Martinez RF
63%
2003 - Marlins Juan Pierre CF
63%
Juan Soto LF
63%
Matt Williams 3B
63%
Pablo Sandoval 3B
63%
Shane Victorino CF | RF
63%
Tino Martinez 1B
63%
Yadier Molina C
63%
Yordan Alvarez LF
63%
A.J. Pierzynski C
50%
Alex Gonzalez SS
50%
Alex Gordon LF
50%
Andy Pettitte P
50%
Anthony Rizzo 1B
50%
Asdrubal Cabrera 2B
50%
Austin Riley 3B
50%
Brandon Belt 1B
50%
Brandon Crawford SS
50%
Brian Harper C
50%
Candy Maldonado LF
50%
Carlos Correa SS
50%
Charles Johnson C
50%
Chase Utley 2B
50%
Chili Davis DH
50%
Chipper Jones 3B
50%
1998 - Yankees | 1999 - Yankees Chuck Knoblauch 2B
50%
Curt Schilling P
50%
Darryl Strawberry DH | LF
50%
David Cone P
50%
David Justice LF | RF
50%
Derek Lowe P
50%
Derrek Lee 1B
50%
Eric Davis LF
50%
Evan Carter LF
50%
Hal Morris DH
50%
Hunter Pence RF
50%
2007 - Red Sox | 2013 - Red Sox Jacoby Ellsbury CF
50%
Javy Lopez C
50%
Jayson Werth RF
50%
J.D. Drew RF
50%
2008 - Phillies Jimmy Rollins SS
50%
Joe Carter 1B | RF
50%
Joe Girardi C
50%
Johnny Damon CF | LF
50%
John Olerud 1B
50%
Jorge Posada C
50%
Kirby Puckett CF
50%
Kyle Tucker RF
50%
Luis Gonzalez LF
50%
Manuel Lee SS
50%
Mark Grace 1B
50%
Martin Maldonado C
50%
Marwin Gonzalez LF
50%
Miguel Cabrera LF
50%
Mike Moustakas 3B
50%
Nathaniel Lowe 1B
50%
Orlando Cabrera SS
50%
Ozzie Albies 2B
50%
Paul O'Neill RF
50%
Roberto Alomar 2B
50%
Robinson Cano 2B
50%
Ryan Howard 1B
50%
Scott Brosius 3B
50%
Scott Rolen 3B
50%
Stephen Drew SS
50%
Steve Finley CF
50%
Steve Pearce 1B
50%
Tony Fernandez SS
50%
2001 - Diamondbacks Tony Womack SS
50%
Troy Glaus 3B
50%
Wade Boggs 3B
50%
Adam Eaton RF
38%
Anthony Rendon 3B
38%
Austin Barnes C
38%
1990 - Reds Barry Larkin SS
38%
Ben Zobrist 2B | LF
38%
Bill Mueller 3B
38%
Brett Gardner CF
38%
Brian McCann C
38%
Carlos Ruiz C
38%
Chas McCormick CF
38%
Chris Carpenter P
38%
Cody Ross LF
38%
Craig Counsell 2B
38%
Dave Winfield RF
38%
2002 - Angels | 2006 - Cardinals David Eckstein SS
38%
David Ross C
38%
| 1992 - Blue Jays | 1997 - Marlins Devon White CF
38%
Edgar Renteria SS
38%
Fred McGriff 1B
38%
Garret Anderson LF
38%
Gary Sheffield RF
38%
Howie Kendrick DH
38%
Jason Varitek C
38%
Jermaine Dye RF
38%
Jim Edmonds CF
38%
Jonny Gomes LF
38%
Jorge Soler DH
38%
Josh Jung 3B
38%
Juan Uribe 3B | SS
38%
Kelly Gruber 3B
38%
Kent Hrbek 1B
38%
Kris Bryant 3B
38%
Lorenzo Cain CF
38%
Mark Teixeira 1B
38%
Mike Lowell 3B
38%
Pat Borders C
38%
Paul Konerko 1B
38%
Paul Molitor DH
38%
1993 - Blue Jays Rickey Henderson LF
38%
Ricky Ledee LF
38%
Ryan Klesko LF
38%
Salvador Perez C
38%
2005 - White Sox Scott Podsednik LF
38%
Tim Salmon RF
38%
(1994 - Not Played) Tom Glavine P
38%
Wilson Contreras C
38%
Xander Bogaerts 3B | SS
38%
Yan Gomes C
38%
Yuli Gurriel 1B
38%
Adam Duvall CF
25%
Addison Russell SS
25%
2015 - Royals Alcides Escobar SS
25%
Al Leiter P
25%
Andrew Benintendi LF
25%
Bobby Bonilla 3B
25%
Cecil Fielder DH
25%
Chris Duncan RF
25%
Chris Sabo 3B
25%
Christian Vazquez C | DH
25%
Cole Hamels P
25%
Damian Miller C
25%
1991 - Twins Dan Gladden LF
25%
Danny Bautista RF
25%
Darren Daulton 1B
25%
David Price P
25%
Eric Hosmer 1B
25%
Greg Gagne SS
25%
Jason Heyward RF
25%
Javier Baez 2B
25%
Joe Crede 3B
25%
Joe Oliver C
25%
Jonah Heim C
25%
Juan Encarnacion RF
25%
Juan Perez LF
25%
Luis Castillo 2B
25%
Manny Ramirez LF
25%
Mariano Duncan 2B
25%
Mark Bellhorn 2B
25%
Mark Lemke 2B
25%
1995 - Braves Marquis Grissom CF
25%
Mike Pagliarulo 3B
25%
Moises Alou LF
25%
Nick Swisher RF
25%
Pedro Feliz 3B
25%
Rafael Belliard SS
25%
Rafael Devers 3B
25%
Rafael Furcal SS
25%
Ronnie Belliard 2B
25%
Scott Spiezio 1B
25%
Aaron Rowand CF
13%
Adam Kennedy 2B
13%
Alex Rios RF
13%
2010 - Giants Andres Torres RF
13%
2012 - Giants Angel Pagan CF
13%
Aubrey Huff 1B
13%
Billy Hatcher CF
13%
Brad Fullmer DH
13%
Brock Holt 2B
13%
2016 - Cubs Dexter Fowler CF
13%
2021 - Braves Eddie Rosario LF
13%
Edinson Volquez P
13%
Ed Sprague 3B
13%
Freddy Sanchez 2B
13%
Jeff Conine DH
13%
Jeff Weaver P
13%
Joc Pederson RF
13%
Joe Panik 2B
13%
Jon Lester P
13%
2000 - Yankees Jose Vizcaino 2B
13%
Josh Reddick RF
13%
Kyle Schwarber DH
13%
Lance Berkman RF
13%
Lance McCullers Jr. P
13%
Leody Taveras CF
13%
Mike Napoli 1B
13%
Pat Burrell DH | LF
13%
Shane Mack RF
13%
So Taguchi LF
13%
Tadahito Iguchi 2B
13%
Todd Benzinger 1B
13%
Travis d'Arnaud C
13%
Travis Jankowski RF
13%
Trot Nixon RF
13%
Victor Robles CF
13%
A.J. Pollock LF
0%
Allen Craig LF
0%
Darin Estrad CF
0%
2014 - Giants Gregor Blanco CF | LF
0%
Julio Lugo SS
0%
Marco Scutaro 2B
0%
Mike Morse DH
0%
Mitch Garver DH
0%
Ryan Theriot 2B | DH
0%
Skip Schumaker CF
0%
Trey Mancini 1B
0%
No matching quizzes found
Score Distribution
Percent of People with Each Score
Percentile by Number Answered
Your Score History
You have not taken this quiz since the last reset